Štvorčeky sú späť
S prudkým rozšírením smartfónov, rastie popularita služieb mobilného bankovníctva a s nimi aj platenie prostredníctvom QR kódov. Rastu záujmu o QR platby okrem ich rýchlosti a jednoduchosti pomáha aj fakt, že čoraz viac firiem na faktúrach klientov uvádza aj vygenerovaný QR kód na platbu.
Guardado en:
| Formato: | Capítulo de libro |
|---|---|
| Lenguaje: | eslovaco |
| Materias: | |
| Etiquetas: |
Sin Etiquetas, Sea el primero en etiquetar este registro!
|
MARC
| LEADER | 00000naa a2200000 4500 | ||
|---|---|---|---|
| 001 | 0246363 | ||
| 005 | 20180713104111.9 | ||
| 041 | 0 | |a slo | |
| 044 | |a SK | ||
| 245 | 1 | 0 | |a Štvorčeky sú späť |
| 520 | |a S prudkým rozšírením smartfónov, rastie popularita služieb mobilného bankovníctva a s nimi aj platenie prostredníctvom QR kódov. Rastu záujmu o QR platby okrem ich rýchlosti a jednoduchosti pomáha aj fakt, že čoraz viac firiem na faktúrach klientov uvádza aj vygenerovaný QR kód na platbu. | ||
| 610 | 2 | 0 | |a technológie informačné |
| 610 | 2 | 0 | |a technológie komunikačné |
| 610 | 2 | 0 | |a technológie nové |
| 610 | 2 | 0 | |a bankovníctvo mobilné |
| 610 | 2 | 0 | |a kódy |
| 610 | 2 | 0 | |a platby elektronické |